000 00630nam a2200205 a 4500
005 20240802063641.0
008 991125s1976 mx 000 0 spa u
035 _aUPN01000035587
049 _aF
050 4 _aPQ6058
_bC6.4
100 1 _aCorrea Pérez, Alicia
_941848
245 1 0 _aLiteratura medieval española /
_cAlicia Correa Pérez.
260 _aMéxico :
_bANUIES,
_c1976.
300 _a83 p.
440 0 _aTemas básicos.
_pArea literatura
650 4 _aLITERATURA ESPAÑOLA -
_yHASTA 1500
_922895
650 4 _aLiteratura española
_xHistoria y crítica
_98085
650 4 _aLITERATURA MEDIEVAL
_99426
905 _aLibro
999 _c35587
_d35587